Vplyv priemyselnej revolúcie (Industry 4.0) na daňové sústavy vo vybraných krajinách Európskej únie bakalárska práca

Enregistré dans:
Détails bibliographiques
Auteur principal: Miková, Veronika
Collectivité auteur: Národohospodárska fakulta EU. Katedra financií
Autres auteurs: Benko, Peter
Format: Livre
Langue:slovaque
Publié: Bratislava 2018
Tags: Ajouter un tag
Pas de tags, Soyez le premier à ajouter un tag!

MARC

LEADER 00000nbm a2200000 4500
001 0245907
005 20191204075847.2
041 0 |a slo 
044 |a SK 
245 1 0 |a Vplyv priemyselnej revolúcie (Industry 4.0) na daňové sústavy vo vybraných krajinách Európskej únie  |b bakalárska práca  |c Veronika Miková ; školiteľ: Peter Benko 
264 1 |a Bratislava  |c 2018 
300 |a 50 s. 
100 1 |a Miková, Veronika 
700 1 |a Benko, Peter 
710 2 |a Národohospodárska fakulta EU. Katedra financií